Easy English. Английский - это просто: Самоучитель английского языка

Bibliographic Details
Main Author: Васильев К. Б. Константин Борисович
Language:English
Published: СПб., МиМ-Экспресс, 1996
Subjects:
Format: Book
KOHA link:https://koha.lib.tpu.ru/cgi-bin/koha/opac-detail.pl?biblionumber=3768

MARC

LEADER 00000nam0a2200000 4500
001 3768
005 20231101204329.0
010 |a 5756200746 
035 |a (RuTPU)RU\TPU\book\3790 
035 |a BOOK00003800 
090 |a 3768 
100 |a 20011209d1996 m y0rusy50 ca 
101 0 |a eng 
102 |a RU 
105 |a y j 000zy 
200 1 |a Easy English. Английский - это просто  |e Самоучитель английского языка  |f К. Б. Васильев 
210 |a СПб.  |c МиМ-Экспресс  |d 1996 
215 |a 349 с. 
606 |a Английский язык  |x Учебные руководства и пособия  |x Самоучители  |2 stltpush  |3 (RuTPU)RU\TPU\subj\29081  |9 52492 
610 1 |a самоучители 
686 |a Ш143.21-922  |v LBC/SL-A  |2 rubbk 
700 1 |a Васильев  |b К. Б.  |g Константин Борисович 
801 0 |a RU  |b 63413507  |c 20011209  |g PSBO 
801 2 |a RU  |b 63413507  |c 20200119  |g PSBO 
942 |c BK